000 00394 a2200133 4500
000 nam a22 7a 4500
100 _aThrockmorton, Jodi
110 _aThrockmorton, Jodi
245 _aPostdate: Photography and Inherited History in India
250 _aLatest edition
260 _bUniversity of California Press
_c2015
264 _bUniversity of California Press
_c2015
942 _cBK
999 _c395980
_d395980